Central Library OPAC University of Rajshahi

Theorie der Riemannschen Flächen. / (Record no. 7852)

MARC details
000 -LEADER
fixed length control field 01010cam a22002771 4500
001 - CONTROL NUMBER
control field 7852
003 - CONTROL NUMBER IDENTIFIER
rucl marc code BD-RjUL
005 - DATE AND TIME OF LATEST TRANSACTION
control field 20211208234503.0
008 - FIXED-LENGTH DATA ELEMENTS--GENERAL INFORMATION
fixed length control field 140116s1957 gw a b 000 0 ger
035 ## - SYSTEM CONTROL NUMBER
System control number (BD-RjUL)7896
040 ## - CATALOGING SOURCE
Original cataloging agency DLC/ICU
Transcribing agency ICU
Modifying agency DLC
-- BD-RjUL
Language of cataloging eng
041 ## - LANGUAGE CODE
Language code of text/sound track or separate title eng
082 00 - DEWEY DECIMAL CLASSIFICATION NUMBER
Classification number 517.81
Author mark and year PFT 1957
100 1# - MAIN ENTRY--PERSONAL NAME
Personal name Pfluger, Albert,
Dates associated with a name 1907-
9 (RLIN) 24490
245 10 - TITLE STATEMENT
Title Theorie der Riemannschen Flächen. /
Statement of responsibility, etc. by Albert Pfluger
260 ## - PUBLICATION, DISTRIBUTION, ETC. (IMPRINT)
Place of publication, distribution, etc. Berlin :
Name of publisher, distributor, etc. Springer,
Date of publication, distribution, etc. 1957.
300 ## - PHYSICAL DESCRIPTION
Pagination xii, 248 p. ;
Illustrations diagrs.
Size 24 cm.
490 1# - SERIES STATEMENT
Series statement Die Grundlehren der mathematischen Wissenschaften in Einzeldarstellungen mit besonderer Berücksichtigung der Anwendungsgebiete,
Volume/sequential designation Bd. 89
504 ## - BIBLIOGRAPHY, ETC. NOTE
Bibliography, etc Bibliography: p. [239]-244.
650 #0 - SUBJECT ADDED ENTRY--TOPICAL TERM
Topical term or geographic name as entry element Riemann surfaces.
9 (RLIN) 19495
830 #0 - SERIES ADDED ENTRY--UNIFORM TITLE
Volume number/sequential designation Bd. 89.
Uniform title Grundlehren der mathematischen Wissenschaften in Einzeldarstellungen mit besonderer Berücksichtigung der Anwendungsgebiete ;
942 ## - ADDED ENTRY ELEMENTS (KOHA)
Source of classification or shelving scheme Dewey Decimal Classification
Koha item type Books
Holdings
Lost status Source of classification or shelving scheme Damaged status Not for loan Collection code Permanent Location Current Location Shelving location Date acquired Source of acquisition Cost, normal purchase price Total Checkouts Full call number Date last seen Copy number Koha item type
  Dewey Decimal Classification   Not For Loan Non-fiction Central Library, University of Rajshahi Central Library, University of Rajshahi   12/09/1964 Zeithlinger. 72.00   517.81 PFT 1957 16/01/2014 C-1 Books